Entry Personal Name
Number of records used in: 1
001 - CONTROL NUMBER
003 - CONTROL NUMBER IDENTIFIER
005 - DATE AND TIME OF LATEST TRANSACTION
- control field:
20191227113753.0
008 - FIXED-LENGTH DATA ELEMENTS
- fixed length control field:
790917n| adannaab |b aaa
010 ## - LIBRARY OF CONGRESS CONTROL NUMBER
- LC control number:
n 79103987
040 ## - CATALOGING SOURCE
- Original cataloging agency:
DLC
- Language of cataloging:
eng
- Transcribing agency:
DLC
- Modifying agency:
DLC
046 ## - SPECIAL CODED DATES
100 1# - HEADING--PERSONAL NAME
- Personal name:
Adhikary, Manabendra,
- Dates associated with a name:
1941-
400 1# - SEE FROM TRACING--PERSONAL NAME
- Personal name:
Adhikary, M.
670 ## - SOURCE DATA FOUND
- Source citation:
His Eco. environ. of business, c1978:
- Information found:
t.p. (M. Adhikary) jkt. (Manabendra Adhikary; b. 1941; Delhi U.)
675 ## - SOURCE DATA NOT FOUND
- Source citation:
India WW, 1977/78;
- Source citation:
Univ. yrbk, 1977.